Responses for Show #5206 - Monday, April 9, 2007

Contestants

[<< previous game]

Fred Bauer, a human resources executive from Westlake Village, California

Diana Wheatley, a state court judge from Los Angeles, California

Susan Herder, a science teacher from St. Paul, Minnesota (whose 1-day cash winnings total $18,401)

[next game >>]

Jeopardy! Round responses

LITERARY GEOGRAPHY
SPORTS GEAR
THE HISTORY OF APRIL 9th
STUPID ANSWERS
RETURN OF THE FUNGI
SPEAK IN HAWAIIAN
    $200 17
Australia

Susan
    $200 7
goggles

Susan
    $200 5
Appomattox (Court House)

Susan
    $200 12
desert

Susan
    $200 1
potatoes

Susan
    $200 26
aloha

Diana
    $400 18
Edinburgh

Susan
    $400 8
shin guards

Susan
    $400 21
the Lincoln Memorial

Diana
    $400 13
desert

Fred
    $400 2
orange

Susan
    $400 27
Lanai

Fred
    $1,000 19
Paris

Susan
    $600 9
cleats

Fred
    $600 22
Mercury

Fred
    $600 14
Emma

Susan
    $600 3
penicillin

Susan
    $600 28
kahuna

Diana
    $800 20
(Fred: What is Zurich?)

Geneva

DianaFred
    $800 10
a bridge

Susan
    $800 23
Mark Twain

Susan
    $800 15
Gorilla gorilla

Susan
    $800 4
chlorophyll

Diana
    $800 29
a restroom (bathroom)

Fred
    $1000 25
(Diana: What's Tortilla Flats?)

Tortilla Flat

DianaFred
    $1000 11
a singlet

Susan
    $1000 24
Bataan

Triple Stumper
    $1000 16
Hooverball

Triple Stumper
    $1000 6
shiitake

Susan
    $1000 30
wiki wiki

Diana

Scores at the first commercial break (after clue 16):

Susan Diana Fred
$6,400 $800 $1,000

Scores at the end of the Jeopardy! Round:

Susan Diana Fred
$8,800 $2,800 $3,000

Double Jeopardy! Round responses

SOUNDS LIKE MERRIE OLDE ENGLAND
10 DOWNING STREET
THE HOME OFFICE
BANGERS
M*A*S*H
"ALLO", "ALLO", "ALLO"
(Alex: "A-L-L-O" will come up in each correct response; it won't come up three times.)
    $400 1
Cambridge

Susan
    $400 23
Churchill

Diana
    $400 13
toner

Fred
    $400 10
dynamite

Diana
    $400 6
Radar

Susan
    $400 18
a gallon

Susan
    $800 2
Birmingham

Diana
    $800 24
(Susan: Who is Tony Blair?)

50 years

SusanDiana
    $800 14
a shredder

Susan
    $800 11
Semtex

Fred
    $800 7
Colonel Potter

Susan
    $800 19
balloon

Fred
    $1200 3
Manchester

Fred
    $1200 25
No. 11

Triple Stumper
    $1200 15
Dell

Susan
    $4,200 12
(Alex: Fred?)
(Fred: ...What are macaroni?)

Roman candles

Fred
    $1200 8
(Fred: Who is Major Winchester?)
(Diana: Who is Hawkeye?)

B.J. Hunnicutt

DianaFred
Triple Stumper
    $1200 20
tallow

Diana
    $1600 4
(Fred: What is Plymouth?)

Gloucester

Fred
Triple Stumper
    $1600 26
Charles II

Fred
    $1600 16
a router

Triple Stumper
    $1600 28
(Susan: What is a cap?)
(Alex: Be more specific.)

a blasting (or detonating) cap

SusanDiana
    $1600 9
Father Mulcahy

Triple Stumper
    $1600 21
Fallopian

Diana
    $2000 5
Bristol

Fred
    $2000 27
(William) Pitt

Diana
    $2000 17
a zip disk

Triple Stumper
    $2000 29
[The end-of-round signal sounds.]

sulfur

Triple Stumper
    $3,000 22
(Diana: Oh! Falloon... what is Falloon?)

Walloon

Diana

Scores at the end of the Double Jeopardy! Round:

Susan Diana Fred
$10,400 $7,400 $2,800

[wagering suggestions for these scores]

Final Jeopardy! Round responses

BEST PICTURE OSCAR WINNERS
FredWhat is Elizabeth?
$2,798
DianaWhat is Braveheart?
$7,000
SusanWhat is Shakespeare in Love?
$4,401
Shakespeare in Love

Final scores:

Susan Diana Fred
$14,801 $400 $2
2-day champion: $33,202 2nd place: $2,000 3rd place: $1,000

Game dynamics:

Coryat scores:

Susan Diana Fred
$10,000 $10,400 $7,000
22 R
(including 1 DD),
2 W
14 R,
3 W
(including 1 DD)
12 R,
4 W
(including 1 DD)

Combined Coryat: $27,400

[game clues] [game scores] [suggest correction]

Game tape date: 2007-01-30
The J! Archive is created by fans, for fans. Scraping, republication, monetization, and malicious use prohibited; this site may use cookies and collect identifying information. See terms. The Jeopardy! game show and all elements thereof, including but not limited to copyright and trademark thereto, are the property of Jeopardy Productions, Inc. and are protected under law. This website is not affiliated with, sponsored by, or operated by Jeopardy Productions, Inc. Join the discussion at JBoard.tv.